000 00270nam a2200097Ia 4500
001 1226976
005 20250827093014.0
008 250824s9999 xx 000 0 und d
245 0 _aDA VINCI ŞİFRESİ
_c DAN BROWN
260 _bALTIN KİTAPLAR YAYINLARI
999 _c1226976
_d1226976